Score 0/18 Timer 06:00
0 Plays Today
Athlete Last Name % Correct
Nicknamed 'Mr. October'Jackson (Reggie, Michael)
97.4%
Doesn't want no trouble, just wants to do the Super Bowl ShufflePerry (William, Katy)
89.6%
Had lots of hits in the 70s; not welcome in the Hall of FameRose (Pete, Axl)
84.8%
Switch-hitting SS; went from San Diego to St Louis in the 80sSmith (Ozzie, Will)
84.4%
American cyclist; Tour de France with Yellow JerseyArmstrong (Lance, Billie Joe)
83%
Seven NHL teams; played with Hull in the 90sOates (Adam, John)
68.9%
NBA player: Nets, 2008-2017Lopez (Brook, Jennifer)
68.5%
High-flying snowboarder known for his long red hairWhite (Shaun, Jack)
64.8%
Flashy dunker whose career peaked circa 2001 with the RaptorsCarter (Vince, Nick)
64.4%
Athlete Last Name % Correct
Took over for Brett Favre as Packers QB in 2008Rodgers (Aaron, Paul)
63.8%
Penguins captain; can't grow a moustacheCrosby (Sidney, David)
58.8%
Played at historic Fenway Park; drafted as a Marine in WWIIWilliams (Ted, Hank)
58.6%
Smooth pitcher; 2 Cy Young winsSantana (Johan, Carlos)
57.7%
Texas Ranger; 2008's Glove of GoldYoung (Michael, Neil)
50.3%
US male basketball player with most Olympic medalsAnthony (Carmelo, Marc)
49.7%
Canadian pro wrestler; wore pink sunglassesHart (Bret, Corey)
45.3%
Running back, Miami DolphinsBush (Reggie, Kate)
35.5%
Won 12 Grand Slam titles as a single; 1987 Tennis Hall of Fame inducteeKing (Billie Jean, BB)
22.4%

You're not logged in!

Compare scores with friends on all Sporcle quizzes.
OR
Log In

Sporcle TV

Today on Sporcle TV


Watch our educational content, quiz creation guides, and fun videos on Sporcle TV.

Show Comments

Extras

Top Quizzes Today


Score Distribution

Paid Content

Your Account Isn't Verified!

In order to create a playlist on Sporcle, you need to verify the email address you used during registration. Go to your Sporcle Settings to finish the process.

Report this User

Report this user for behavior that violates our Community Guidelines.

Details: